000 00605nam a22002537a 4500
003 UA-OsUOA
001 26250
007 ta
008 20040524b un ||||| |||| 00| 0 ukr d
100 _aКосенко З.
700 _aРемезова А.
090 _a611.81
_bК71
942 _cBK
040 _aUA-OsUOA
_brus
_cUA-OsUOA
_dUA-OsUOA
245 _aРассказы о жизни мозга
300 _a188 с.
955 _a0
041 _arus
080 _a611.81
260 _aМосква
_bМолодая гвардия
_c1964
044 _aRU
650 7 _2UDC
999 _c312569
_d312569